| 000 | 00605nam a2200193 a 4500 | ||
|---|---|---|---|
| 001 | 7282 | ||
| 003 | CO-ViMGA | ||
| 008 | 141112s2004 ck r 000 u spa d | ||
| 040 |
_aCO-ViMGA _bspa _cCO-ViMGA |
||
| 082 | 0 | 4 | _a581.9 C156 |
| 100 | 1 |
_aCano y Cano, Gerónimo _96467 |
|
| 245 | 1 | 0 |
_aTaxonomía de plantas superiores / _cCano y Cano Gerónimo , Marroquin de la Fuente Jorge |
| 260 |
_aMexico : _bTrillas, _c1994 |
||
| 300 | _a359 p : il | ||
| 650 | 1 | 4 |
_aBOTANICA - CLASIFICACION _96468 |
| 650 | 1 | 4 |
_aBOTANICA - NOMENCLATURA _96469 |
| 650 | 1 | 4 |
_aMarroquín de la Fuente, Jorge _96470 |
| 942 |
_2ddc _cBK |
||
| 999 |
_c19241 _d19241 |
||